📖150 premiers mots "Une vie" Guy de Maupassant - Statistiques

Statistiques générales
  • Ce quiz a Ă©tĂ© pris 27 fois
  • Le rĂ©sultat moyen est 75 sur 150
Statistiques - réponses
Mots % Correct
Ă 
100%
L'
100%
l'
100%
Le
100%
le
100%
d'
93%
de
93%
Des
93%
des
93%
Jeanne,
93%
la
93%
ne
93%
s'
93%
et
87%
pas.
87%
pas,
87%
une
87%
au-
80%
au
80%
elle
80%
en
80%
les
80%
se
80%
du
73%
son
73%
mais
67%
oĂč
67%
qu'
67%
que
67%
ses
67%
si
67%
pour
60%
qui
60%
vie
60%
eau
53%
enfin
53%
matin
53%
pluie
53%
suer
53%
sur
53%
avait
47%
avait ...
47%
humidité
47%
nuit,
47%
pĂšre
47%
toujours,
47%
toute
47%
averse,
40%
comme
40%
fenĂȘtre,
40%
tous
40%
cessait
33%
ciel
33%
fois
33%
ruisseaux
33%
approcha
27%
bas
27%
dedans
27%
maisons,
27%
rafales
27%
centiĂšme
20%
chaleur
20%
couvent,
20%
dont
20%
faisait
20%
partir
20%
temps
20%
terre,
20%
bonheurs
13%
cave
13%
contre
13%
depuis
13%
grenier.
13%
longtemps,
13%
lourde.
13%
murs
13%
passaient
13%
rĂȘvait
13%
rues
13%
semblait
13%
sonné
13%
sortie
13%
toits.
13%
veille
13%
ayant
7%
bouillie,
7%
carreaux
7%
chargé
7%
crevé,
7%
débordés
7%
délayant
7%
désertes
7%
éclaircissait
7%
emplissait
7%
éponges,
7%
fini
7%
fondant
7%
libre
7%
malles,
7%
pénétrait
7%
pleines
7%
Puis
7%
ronflement
7%
sucre.
7%
vidant
7%
aperçut
0%
buvaient
0%
craignit
0%
hésitùt
0%
horizon.
0%
interrogeait
0%
prĂȘte
0%
saisir
0%
Aucun quiz correspondant
Distribution des résultats
% des personnes avec chaque résultat
Percentile par nombre de réponses
Votre historique - résultats
Vous n’avez pas pris ce quiz